000 00615nam a2200229 a 4500
001 nice12345678
003 IN_TiNIC
005 20260116014336.0
008 090617s2008 hyda grp 000 0 eng
020 _a
_c20
082 0 0 _a324.245408
_bAND1
100 _aAndhra Pradesh Civil Liberties Committee,
245 _aThe Ugly Face of Sangh Parivar
260 _aHyderabad
_bK. Balagopal
_c2008
300 _a64p
500 _aincludes index and biblioraphy
650 _aCommunalism-India
700 1 _aAndhra Pradesh Civil Liberties Committee,
902 _bSRS
942 _cBK
999 _c14896
_d14896